Les ailiers - rugbymen par image. - Statistiques

Statistiques générales
  • Ce quiz a été pris 106 fois
  • Le résultat moyen est 9 sur 20
Statistiques - réponses
Par images Hint Réponse % Correct
Damian Penaud
100%
James Lowe
86%
Chelsin Kolbe
81%
Louis Bielle-Biarrey
78%
Louis Rees-Zammit
76%
Duhan van der Merwe
72%
Monty Ioane
58%
Juan Imhoff
55%
Henry Arundell
46%
Makazole Mapimpi
45%
Mack Hansen
35%
Josh Adams
34%
Ben Lam
32%
Mark Telea
28%
Darcy Graham
27%
Mateo Carreras
26%
Leicester Fainga'anuku
15%
Vinaya Habosi
12%
Mark Nawaqanitawase
11%
Max Malins
8%
Aucun quiz correspondant
Distribution des résultats
% des personnes avec chaque résultat
Percentile par nombre de réponses
Votre historique - résultats
Vous n’avez pas pris ce quiz